000 00495nam a22001817a 4500
005 20251108170822.0
008 250721s9999 xx 000 0 ara d
082 1 4 _aط/ق/احم
100 1 _aبهجت، أحمد
245 1 0 _aهدهد سليمان عليه السلام /
264 _bدار الشروق،
_c[19-].
300 _a12ص
490 0 _aاحسن القصص
650 1 7 _aالقصص العربية
650 1 7 _aادب الاطفال
942 _2ddc
_cBK
999 _c49723
_d49723